Statistics for Longest Borders Between US States

Click here to take the quiz!

General Stats

  • This quiz has been taken 61 times
  • The average score is 19 of 20

Answer Stats

Border Length (km)State% Correct
608California
100%
569Idaho
100%
Montana
100%
Nevada
100%
Texas
100%
Texas
100%
409Kansas
98%
536New Mexico
98%
New Mexico
98%
Oklahoma
98%
715Oklahoma
98%
391Arizona
96%
385Oregon
95%
South Dakota
95%
Washington
95%
399Nebraska
93%
381Virginia
82%
West Virginia
82%
456Louisiana
75%
Mississippi
75%

Score Distribution

Percentile by Number Answered

Percent of People with Each Score

Your Score History

You have not taken this quiz